| 000 | 00404nam a2200133Ia 4500 | ||
|---|---|---|---|
| 008 | 211109s9999||||xx |||||||||||||| ||und|| | ||
| 082 |
_a294.5922 _bKRI-V |
||
| 100 | _aKrishna Shasharody, Attoor, | ||
| 245 | 0 | _aValmiki Ramayanam Uthrakanda | |
| 260 |
_bBharatiya Vidya Bhavan _aNew Delhi _c1911 |
||
| 630 | _xGeneral Stack | ||
| 650 |
_aReligion _vHindu LiteratureHindu Holy Books _xReligion |
||
| 942 | _cBOOK | ||
| 999 |
_c1163 _d1163 |
||